Logo CIB grande

EVITE SER UTILIZADO (Registro nro. 195638)

Detalles MARC
000 -LEADER
campo de control de longitud fija 00925nam a2200289Ia 4500
005 - FECHA Y HORA DE LA ÚLTIMA TRANSACCIÓN
campo de control 20250425160748.0
008 - DATOS DE LONGITUD FIJA--INFORMACIÓN GENERAL
campo de control de longitud fija 250425s9999 xx 000 0 und d
020 ## - NÚMERO INTERNACIONAL ESTÁNDAR DEL LIBRO
Número Internacional Estándar del Libro 9586390497
041 ## - CÓDIGO DE IDIOMA
Código de lengua del texto/banda sonora o título independiente spa
043 ## - CÓDIGO DE ÁREA GEOGRÁFICA
Código de área geográfica ck
082 ## - NÚMERO DE LA CLASIFICACIÓN DECIMAL DEWEY
Número de clasificación 152.5
010 ## - NÚMERO DE CONTROL DE LA BIBLIOTECA DEL CONGRESO
Número de control de LC 4667
100 ## - ENTRADA PRINCIPAL--NOMBRE DE PERSONA
Nombre de persona DYER, WAYNE W.
245 #0 - MENCIÓN DEL TÍTULO
Título EVITE SER UTILIZADO
250 ## - MENCION DE EDICION
Mención de edición 6A ED.
260 ## - PUBLICACIÓN, DISTRIBUCIÓN, ETC.
Lugar de publicación, distribución, etc. BOGOTA
260 ## - PUBLICACIÓN, DISTRIBUCIÓN, ETC.
Lugar de publicación, distribución, etc. Colombia
Nombre del editor, distribuidor, etc. GRIJALBO
Fecha de publicación, distribución, etc. 1998
300 ## - DESCRIPCIÓN FÍSICA
Extensión 358
500 ## - NOTA GENERAL
Nota general 1978 Dr. Wayne W. Dyer primera edicion en Ingles 1979 Edicione Grijalbo, SA primera edicion en español
500 ## - NOTA GENERAL
Nota general Título Traducido: PULLING YOUR OWN STRINGS
520 ## - RESUMEN, ETC.
Sumario, etc. AYUDA A CONTRARRESTAR LOS DESAFUEROS DE FUNCIONARIOS INTRATABLES, COLABORADORES ABUSONES, PARIENTES EGOISTAS Y CON DEMASIADA FRECUENCIA DE USTEDMISMO.
650 ## - PUNTO DE ACCESO ADICIONAL DE MATERIA--TÉRMINO DE MATERIA
Término de materia o nombre geográfico como elemento de entrada DINAMICA DE GRUPO
650 ## - PUNTO DE ACCESO ADICIONAL DE MATERIA--TÉRMINO DE MATERIA
Término de materia o nombre geográfico como elemento de entrada VALORACION
700 ## - ENTRADA AGREGADA--NOMBRE PERSONAL
Nombre de persona BARTOLOME LOPEZ, MANUEL
Término indicativo de función/relación traductor
710 ## - ENTRADA AGREGADA--NOMBRE DE ENTIDAD CORPORATIVA
Nombre de entidad corporativa o nombre de jurisdicción como elemento de entrada GRIJALBO
942 ## - ELEMENTOS DE ENTRADA SECUNDARIOS (KOHA)
Tipo de ítem Koha Libros
Existencias
Estatus retirado Estado de pérdida Estado de daño No para préstamo Biblioteca de origen Biblioteca actual Ubicación en estantería Fecha de adquisición Coste, precio normal de compra Total de préstamos Código de barras Copia número Nota pública
        ESCUELA DE NEGOCIOS ESCUELA DE NEGOCIOS   08/06/2001 2.00   CP-00848 1 COMPRA

Copyright 2025 ESPOL. Todos los derechos reservados.